000
00340 a2200157 4500
001
162575
020
_a
84-87099-95-5
040
_c
Magnum
100
_a
Villanueva, Clara
240
1
0
_a
De fiesta en invierno
_l
ESP
245
1
0
_a
De fiesta en invierno
300
_a
30
362
0
_a
1995
697
_a
LITERATURA ESPANHOLA
942
_c
BK
999
_c
162575
_d
162575